000 00894nam a22002177a 4500
001 1232
005 20250723091540.0
020 _a9781781868256
040 _aFISKH
_beng
_cFISKH
_dFISKH
050 _aPZ7.B4475424 Bu 2013
082 _a[E]
100 _aBently, Peter
245 _aBunny loves to write
_cEmma Foster & Deborah Melmon
260 _aBath :
_bParragon,
_c2013.
300 _a26 unnumbered pages :
_c30 cm.
505 _aF
520 _a"I'm Buster. And I love to read! But write my own stories? I'm not so sure. But then ... My friend Max jumps out from behind a bush, and I have an idea. And then then ... My friend Sam shouts from high in the trees, and I have another idea ... Anyway I won't spoil my amazing story for you. You'll have to read it for yourself"--Cover verso.
521 _a400
_bLexile estimate
521 _aF
_bRaz-Plus estimate
942 _2ddc
_cBK
_n0
999 _c1232
_d1232